| 000 | 00760nam a2200253Ia 4500 | ||
|---|---|---|---|
| 003 | OSt | ||
| 005 | 20220925184647.0 | ||
| 006 | a|||||r|||| 00| 0 | ||
| 007 | ta | ||
| 008 | 220923b |||||||| |||| 00| 0 eng d | ||
| 020 | _a079143690X | ||
| 037 | _cGeneral Book | ||
| 040 |
_aRTL _cRTL _beng |
||
| 041 |
_2eng _aeng |
||
| 082 | _aQ25.275.M, N8 | ||
| 100 |
_aMclean Malcolm _9230756 |
||
| 245 | 0 |
_aDevoted to the Goddess _b The life and work of Rampr |
|
| 260 |
_aAlbany _bState University of New York Press _c1998 |
||
| 300 |
_axvii, 205p Bibliography: P 189-97 _ccm. |
||
| 490 | _aSuny Series in Hindu Studies | ||
| 650 |
_aSaktaism _9230757 |
||
| 942 |
_hQ25.275.M, N8 _cGB _2CC |
||
| 999 |
_c508453 _d508453 |
||